| 000 | 00384nam a2200145Ia 4500 | ||
|---|---|---|---|
| 008 | 211109s9999||||xx |||||||||||||| ||und|| | ||
| 082 |
_a894.8124 _bEZH-K |
||
| 100 | _aEzhuthachan, K N | ||
| 245 | 0 | _aKathirukal | |
| 260 |
_bP k Brothers _aKozhikode _c1989 |
||
| 300 | _a200p | ||
| 630 | _xGeneral Stack | ||
| 650 |
_aMalayalam Literature _vMalayalam Essays _xGeneralia |
||
| 942 | _cBOOK | ||
| 999 |
_c32764 _d32764 |
||